000 00505nam a2200193Ia 4500
008 230125s9999 xx 000 0 und d
020 _a81-7544-027-9
041 _aeng
082 _a658
_bPAT MIS
100 _aPattanayak B
_9110910
245 _aLife in organisations
260 _c1997
_bWheeler Publishing
_aNew Delhi
300 _a275p
500 _aGeneral Management
500 _aOrganisations
650 _aManagement
700 _aPattanayak B & Mishara P K
_9110911
999 _c87788
_d87788